[Event "Ifjusagi csapatbajnoksag"]
[Site "Budapest"]
[Date "2015.08.30"]
[Round "8.21"]
[White "Czupor, Attila"]
[Black "Tubak, Daniel"]
[Result "0-1"]
[WhiteElo "2125"]
[BlackElo "1961"]
[PlyCount "134"]
[EventDate "2015.??.??"]

1. e4 e6 2. d4 d5 3. Nc3 Bb4 4. exd5 exd5 5. Bd3 Nf6 6. Nge2 O-O 7. O-O c6 8.
Bg5 Bg4 9. h3 Bh5 10. f4 Bxe2 11. Qxe2 Nbd7 12. Bf5 Qc7 13. Qf2 Rfe8 14. Rae1
Bd6 15. Rxe8+ Rxe8 16. g4 b6 17. Qf3 Kh8 18. Bh4 b5 19. g5 Ng8 20. Bd3 Ne7 21.
f5 g6 22. Re1 Qd8 23. Qe2 Rf8 24. f6 Nc8 25. Bf2 Rg8 26. h4 Nf8 27. Qg4 Qd7 28.
Be2 Ne6 29. Bf3 Nb6 30. Qh3 Nxd4 31. Bg4 Nf5 32. Re2 Nc4 33. Bxf5 Qxf5 34. Qxf5
gxf5 35. Bxa7 Nxb2 36. Rg2 Nc4 37. Bd4 Ne5 38. Rf2 Ng6 39. h5 Nh4 40. g6 hxg6
41. hxg6 Rxg6+ 42. Kf1 Kg8 43. Re2 Nf3 44. Re8+ Kh7 45. Ne2 Nxd4 46. Nxd4 Rxf6
47. Nxc6 Bc5 48. Rc8 f4 49. Ne5 Be3 50. Rb8 Rf5 51. Nf3 d4 52. Rd8 b4 53. Nxd4
Ra5 54. Nc6 Rxa2 55. Nxb4 Rb2 56. Nd5 Rxc2 57. Nxe3 fxe3 58. Re8 e2+ 59. Rxe2
Rxe2 60. Kxe2 Kg6 61. Kf3 Kf5 62. Ke2 Kg4 63. Kf2 Kf4 64. Ke2 Kg3 65. Ke3 f5
66. Ke2 f4 67. Kf1 Kf3 0-1

[Event "Ifjusagi csapatbajnoksag"]
[Site "Budapest"]
[Date "2015.08.30"]
[Round "8.22"]
[White "Valyi, Blanka Borbala"]
[Black "Varga, Melinda"]
[Result "1/2-1/2"]
[WhiteElo "1895"]
[BlackElo "2135"]
[PlyCount "49"]
[EventDate "2015.??.??"]

1. d4 d5 2. Nf3 Nf6 3. g3 c5 4. c4 e6 5. Bg2 Be7 6. O-O O-O 7. Nc3 dxc4 8. dxc5
Qa5 9. Qd4 Bxc5 10. Qxc4 Nc6 11. Qb5 Bb4 12. Qxa5 Bxa5 13. Bf4 Bxc3 14. bxc3
Nd5 15. Bd2 Na5 16. Ne5 Nb6 17. Rab1 f6 18. c4 Naxc4 19. Nxc4 Nxc4 20. Bf4 Nb6
21. Rfc1 e5 22. Be3 Bf5 23. Rb4 Rac8 24. Rxc8 Rxc8 25. Bxb7 1/2-1/2

[Event "Ifjusagi csapatbajnoksag"]
[Site "Budapest"]
[Date "2015.08.30"]
[Round "8.23"]
[White "Szukics, Adam"]
[Black "Berczi, Peter"]
[Result "0-1"]
[WhiteElo "2058"]
[BlackElo "1825"]
[PlyCount "62"]
[EventDate "2015.??.??"]

1. e4 c5 2. Nf3 d6 3. d4 cxd4 4. Nxd4 Nf6 5. Nc3 g6 6. Be3 Bg7 7. f3 O-O 8. Qd2
Nc6 9. O-O-O Nxd4 10. Bxd4 Be6 11. Kb1 Qc7 12. h4 Rfc8 13. h5 Qa5 14. hxg6 hxg6
15. a3 Rab8 16. Bd3 Bc4 17. g4 b5 18. g5 Nh5 19. Bxg7 Kxg7 20. f4 b4 21. Ne2
Qb6 22. Bxc4 Rxc4 23. f5 bxa3 24. b3 Rxe4 25. Ng3 Nxg3 26. Qc3+ Re5 27. Qxg3
Re3 28. f6+ Kg8 29. Qh4 Rxb3+ 30. Ka2 Rb2+ 31. Ka1 Ra2+ 0-1

[Event "Ifjusagi csapatbajnoksag"]
[Site "Budapest"]
[Date "2015.08.30"]
[Round "8.25"]
[White "Markoja, Boris"]
[Black "Csati, Oliver"]
[Result "1-0"]
[WhiteElo "2310"]
[BlackElo "2189"]
[PlyCount "80"]
[EventDate "2015.??.??"]

1. c4 c5 2. Nf3 Nc6 3. d4 cxd4 4. Nxd4 Nf6 5. Nc3 e6 6. Ndb5 d6 7. Bf4 e5 8.
Bg5 a6 9. Bxf6 gxf6 10. Na3 Be6 11. e3 f5 12. Be2 Rg8 13. g3 Rc8 14. Qd2 e4 15.
Nd5 Ne5 16. Rd1 Bxd5 17. Qxd5 Qb6 18. Qd4 Qb4+ 19. Kf1 Ke7 20. Qd2 Qxd2 21.
Rxd2 Bg7 22. Kg2 Ng6 23. f4 Rgd8 24. Rhd1 Nf8 25. b3 Ne6 26. Nc2 Rc5 27. Nb4
Nc7 28. Nd5+ Nxd5 29. Rxd5 Bc3 30. Kf2 a5 31. Bf1 Bb4 32. a4 h5 33. Bh3 h4 34.
Bxf5 Rh8 35. g4 h3 36. Bxe4 Rcc8 37. Rb5 Rc7 38. Rf5 b6 39. Bd5 f6 40. Rd4 Rh6
1-0

[Event "Ifjusagi csapatbajnoksag"]
[Site "Budapest"]
[Date "2015.08.30"]
[Round "8.26"]
[White "Gorcsi, Gabor"]
[Black "Krstulovic, Alex"]
[Result "1/2-1/2"]
[WhiteElo "2192"]
[BlackElo "2119"]
[PlyCount "69"]
[EventDate "2015.??.??"]

1. Nf3 d5 2. c4 d4 3. b4 f6 4. d3 e5 5. Qa4+ Bd7 6. Qb3 a5 7. b5 Bb4+ 8. Bd2
Bc5 9. g3 Ne7 10. Bg2 Qc8 11. h4 Be6 12. a4 O-O 13. Bc1 Bb4+ 14. Bd2 Bd6 15.
Bc1 Nd7 16. Ba3 Nc5 17. Bxc5 Bxc5 18. Nbd2 Qd7 19. O-O Ba7 20. Qa3 c5 21. bxc6
Nxc6 22. Rfb1 Nb4 23. Rxb4 axb4 24. Qxb4 Qc7 25. Nb3 h6 26. Nfd2 Rf7 27. Ne4
Qe7 28. Qb5 Rc8 29. c5 Bxb3 30. Qxb3 Bxc5 31. Nxc5 Rxc5 32. Bd5 Rc3 33. Qa2 Kf8
34. Rb1 Rc7 35. Bxf7 1/2-1/2

[Event "Ifjusagi csapatbajnoksag"]
[Site "Budapest"]
[Date "2015.08.30"]
[Round "8.27"]
[White "Felde, Bence"]
[Black "Csuta, Akos Koppany"]
[Result "1/2-1/2"]
[WhiteElo "1930"]
[BlackElo "2008"]
[PlyCount "60"]
[EventDate "2015.??.??"]

1. d4 Nf6 2. c4 g6 3. Nc3 d5 4. Bf4 Bg7 5. Nf3 c5 6. dxc5 Qa5 7. cxd5 Nxd5 8.
Qxd5 Bxc3+ 9. Bd2 Bxd2+ 10. Qxd2 Qxd2+ 11. Nxd2 Na6 12. Rc1 Be6 13. a3 Rc8 14.
b4 b6 15. e3 Nb8 16. Be2 O-O 17. O-O Rfd8 18. Nf3 bxc5 19. bxc5 Rd5 20. Rfd1
Rxd1+ 21. Bxd1 Na6 22. c6 Bd5 23. Be2 Nc7 24. Nd4 Rb8 25. h3 Kf8 26. a4 a6 27.
Nf3 f6 28. Rc5 Rb6 29. Bc4 Rxc6 30. Rxc6 Bxc6 1/2-1/2

[Event "Ifjusagi csapatbajnoksag"]
[Site "Budapest"]
[Date "2015.08.30"]
[Round "8.28"]
[White "Kovacs, Judit"]
[Black "Haselbach, David"]
[Result "1-0"]
[WhiteElo "1910"]
[BlackElo "2053"]
[PlyCount "79"]
[EventDate "2015.??.??"]

1. Nf3 Nf6 2. g3 g6 3. Bg2 Bg7 4. O-O O-O 5. c4 d6 6. Nc3 Nc6 7. d3 e5 8. Rb1
Ne8 9. b4 f5 10. Nd5 h6 11. b5 Ne7 12. Ne1 g5 13. a4 Nf6 14. Nxf6+ Bxf6 15. a5
c6 16. bxc6 bxc6 17. Qa4 Qc7 18. Nc2 Bd7 19. Qa3 Rab8 20. Nb4 Bc8 21. Bd2 Kh8
22. a6 Be6 23. Rfc1 h5 24. Na2 Rxb1 25. Rxb1 Rb8 26. Rb4 d5 27. Qa5 Qc8 28. Qc5
Rxb4 29. Nxb4 Qd7 30. Be3 d4 31. Bd2 Qc7 32. Nxc6 Bc8 33. Qb5 e4 34. Nxe7 Qxe7
35. Qb8 Qd7 36. dxe4 Qc6 37. Qxa7 Bxa6 38. exf5 Qxc4 39. Bd5 Qc8 40. Qf7 1-0

[Event "Ifjusagi csapatbajnoksag"]
[Site "Budapest"]
[Date "2015.08.30"]
[Round "8.29"]
[White "Varga, Richard"]
[Black "Fekete, Agnes"]
[Result "1/2-1/2"]
[WhiteElo "1941"]
[BlackElo "1795"]
[PlyCount "41"]
[EventDate "2015.??.??"]

1. e4 c5 2. Nf3 d6 3. d4 cxd4 4. Nxd4 Nf6 5. Nc3 e6 6. g4 Be7 7. Bg2 O-O 8. Be3
a6 9. a4 Qc7 10. h3 Nc6 11. O-O Ne5 12. Nce2 Nc4 13. Bc1 Rb8 14. b3 Na5 15. Be3
Nc6 16. f4 Nxd4 17. Nxd4 e5 18. Nf5 Bxf5 19. exf5 Qc3 20. Qd2 Rfc8 21. Rac1
1/2-1/2

[Event "Ifjusagi csapatbajnoksag"]
[Site "Budapest"]
[Date "2015.08.30"]
[Round "8.31"]
[White "Nayhebaver, Martin"]
[Black "Buzas, Bertalan"]
[Result "1-0"]
[WhiteElo "2404"]
[BlackElo "2041"]
[PlyCount "55"]
[EventDate "2015.??.??"]

1. e4 e5 2. Nf3 Nc6 3. Bb5 Nge7 4. c3 a6 5. Ba4 g6 6. O-O Bg7 7. d4 exd4 8.
cxd4 b5 9. Bb3 Na5 10. Bc2 d6 11. a4 b4 12. h3 h6 13. Qe2 O-O 14. Nbd2 c5 15.
Nb3 Be6 16. Nxa5 Qxa5 17. Bf4 cxd4 18. Bxd6 Rfe8 19. e5 Nc8 20. Be4 Bd5 21.
Bxb4 Qxb4 22. Bxd5 Ra7 23. Rfd1 Qc5 24. Qe4 Rd8 25. Rxd4 Rad7 26. Bxf7+ Kxf7
27. Rxd7+ Rxd7 28. e6+ 1-0

[Event "Ifjusagi csapatbajnoksag"]
[Site "Budapest"]
[Date "2015.08.30"]
[Round "8.32"]
[White "Toth, Kristof Istvan"]
[Black "Acs, Petra"]
[Result "1-0"]
[WhiteElo "1974"]
[BlackElo "1746"]
[PlyCount "81"]
[EventDate "2015.??.??"]

1. e4 e6 2. d4 d5 3. Nd2 dxe4 4. Nxe4 Bd7 5. Nf3 Bc6 6. Bd3 Nd7 7. O-O Ngf6 8.
Qe2 Be7 9. c4 Nxe4 10. Bxe4 Bxe4 11. Qxe4 c6 12. Bd2 O-O 13. Rad1 Nf6 14. Qe2
Qb6 15. Bc3 Rad8 16. Rfe1 Bb4 17. Qc2 Bxc3 18. Qxc3 c5 19. dxc5 Qxc5 20. b4 Qc7
21. Qb3 Rxd1 22. Rxd1 Rd8 23. Rd3 Rxd3 24. Qxd3 h6 25. g3 b6 26. a3 Nd7 27. Qe4
Nf6 28. Qd4 Nd7 29. Nd2 Ne5 30. f4 Nc6 31. Qd3 Ne7 32. Nb3 Nf5 33. c5 bxc5 34.
bxc5 Ne7 35. Qb5 Nc6 36. Qd3 Ne7 37. Kf2 Nd5 38. Qb5 Kf8 39. c6 Ke8 40. Nd4 Qb6
41. c7+ 1-0

[Event "Ifjusagi csapatbajnoksag"]
[Site "Budapest"]
[Date "2015.08.30"]
[Round "8.33"]
[White "Szabo, Balint"]
[Black "Acs, Marton"]
[Result "1/2-1/2"]
[WhiteElo "1619"]
[BlackElo "2006"]
[PlyCount "104"]
[EventDate "2015.??.??"]

1. e4 e5 2. Nf3 Nc6 3. Bc4 Bc5 4. Nc3 Nf6 5. d3 h6 6. Nd5 d6 7. h3 Be6 8. Be3
Bb6 9. Bxb6 axb6 10. O-O O-O 11. Qd2 Na5 12. Nxf6+ Qxf6 13. Bxe6 Qxe6 14. Qe3
Nc6 15. a3 d5 16. exd5 Qxd5 17. Qe4 Qc5 18. c3 Rad8 19. Rad1 Qb5 20. Qe2 Rfe8
21. Qc2 Rd7 22. Rd2 Red8 23. Rfd1 Qc5 24. b4 Qe7 25. a4 f5 26. b5 Na5 27. Re1
e4 28. dxe4 Rxd2 29. Nxd2 fxe4 30. Nxe4 Qd7 31. Qa2+ Qd5 32. Qxd5+ Rxd5 33. Ng3
Kf7 34. Rb1 Rc5 35. Ne4 Rc4 36. Rb4 Rxb4 37. cxb4 Nb3 38. f3 Ke6 39. Kf2 Kd5
40. g4 Kc4 41. f4 Kxb4 42. g5 hxg5 43. fxg5 Kc4 44. h4 Kd5 45. h5 Ke6 46. Ke3
Kf5 47. Kd3 c6 48. h6 gxh6 49. gxh6 Kg6 50. Nd6 cxb5 51. axb5 Nc5+ 52. Kc4 Ne6
1/2-1/2

[Event "Ifjusagi csapatbajnoksag"]
[Site "Budapest"]
[Date "2015.08.30"]
[Round "8.34"]
[White "Szabo, Benjamin"]
[Black "Acs, Kristof"]
[Result "1-0"]
[WhiteElo "2005"]
[BlackElo "1665"]
[PlyCount "93"]
[EventDate "2015.??.??"]

1. d4 d5 2. Nf3 Nf6 3. g3 e6 4. Bg2 Be7 5. O-O O-O 6. c4 c6 7. Nc3 b6 8. b3 Bb7
9. Bb2 Nbd7 10. Nd2 c5 11. e3 a6 12. Rc1 Rc8 13. Qe2 Nb8 14. Rfd1 Re8 15. Qf1
cxd4 16. exd4 Nc6 17. Na4 Na7 18. c5 bxc5 19. dxc5 Nd7 20. b4 Nc6 21. a3 Bf6
22. Nb3 Bxb2 23. Nxb2 Qf6 24. Nd3 Nde5 25. Nxe5 Qxe5 26. Rb1 h6 27. Nc1 Qc3 28.
Qd3 Qxd3 29. Nxd3 Na7 30. Ne5 Bc6 31. Nxc6 Rxc6 32. Rdc1 Rec8 33. Bf1 Kf8 34.
a4 Ke7 35. Rb2 R8c7 36. Rbc2 Rb7 37. b5 axb5 38. axb5 Rc8 39. b6 Nc6 40. Ba6
Rcb8 41. Bxb7 Rxb7 42. Ra1 Nb4 43. Rb2 Nd3 44. Ra7 Nxc5 45. Rb5 Kd6 46. Rxc5
Rxb6 47. Rc1 1-0

[Event "Ifjusagi csapatbajnoksag"]
[Site "Budapest"]
[Date "2015.08.30"]
[Round "8.37"]
[White "Nagybiro, Laszlo"]
[Black "Bohus, Adam"]
[Result "1/2-1/2"]
[WhiteElo "2029"]
[BlackElo "2170"]
[PlyCount "127"]
[EventDate "2015.??.??"]

1. d4 d5 2. c4 dxc4 3. Nf3 a6 4. e4 b5 5. a4 Bb7 6. Qc2 Nf6 7. Nbd2 e6 8. b3
cxb3 9. Qxb3 Nxe4 10. Nxe4 Bxe4 11. axb5 Bxf3 12. gxf3 Qxd4 13. Ra4 Qb6 14. Be3
Bc5 15. Bxc5 Qxc5 16. bxa6 O-O 17. Be2 Nxa6 18. Bxa6 Rfb8 19. Be2 Qc6 20. Rxa8
Qxa8 21. Qc3 Rb1+ 22. Bd1 Qd5 23. Qd2 Qe5+ 24. Kf1 g6 25. Kg2 Rb2 26. Qd8+ Kg7
27. h4 h5 28. Qg5 Qd4 29. Qg3 Rd2 30. Bb3 c5 31. Re1 Qb2 32. Qe5+ Qxe5 33. Rxe5
Rd4 34. Rxc5 Rxh4 35. Rc7 Kf6 36. Bc4 Rf4 37. Kg3 Rf5 38. Bd3 Rg5+ 39. Kf4 Rd5
40. Be4 Rd2 41. Ke3 Rb2 42. Bc6 Rc2 43. f4 Rc3+ 44. Ke2 Rc4 45. Kf3 Rc3+ 46.
Kg2 Rc4 47. Kg3 h4+ 48. Kf3 h3 49. Kg3 h2 50. Kxh2 Rxf4 51. Kg3 Rc4 52. Rc8
Rc3+ 53. Kg2 e5 54. Bb7 Rxc8 55. Bxc8 e4 56. Bd7 Ke7 57. Bc6 f5 58. Kg3 Kf6 59.
Kf4 g5+ 60. Kg3 Ke5 61. Bd7 e3 62. f3 e2 63. Kf2 Kf4 64. Kxe2 1/2-1/2

[Event "Ifjusagi csapatbajnoksag"]
[Site "Budapest"]
[Date "2015.08.30"]
[Round "8.38"]
[White "Csordas, David"]
[Black "Varadi, Benedek"]
[Result "0-1"]
[WhiteElo "1819"]
[BlackElo "2072"]
[PlyCount "82"]
[EventDate "2015.??.??"]

1. e4 c5 2. Nf3 e6 3. d4 cxd4 4. Nxd4 a6 5. Bd3 Nf6 6. O-O Qc7 7. c4 b6 8. Nc3
Be7 9. Be3 Bb7 10. f4 d6 11. Rf3 h5 12. h3 Nbd7 13. Rg3 h4 14. Rxg7 Bf8 15. Rg5
Bh6 16. Qf1 Bxg5 17. fxg5 Nh5 18. g6 Ne5 19. g7 Rg8 20. Bh6 O-O-O 21. b4 Nxg7
22. a4 Nh5 23. a5 Rg3 24. Rd1 Rh8 25. Bc1 Rhg8 26. Kh2 Nxd3 27. Rxd3 d5 28. Kg1
Qxc4 29. Rxg3 Qxf1+ 30. Kxf1 Nxg3+ 31. Kf2 bxa5 32. exd5 axb4 33. Na4 Bxd5 34.
Bf4 Ne4+ 35. Kf1 Nc3 36. Nb6+ Kb7 37. Nd7 Bxg2+ 38. Kf2 Bd5 39. Nc5+ Kc8 40.
Nxa6 b3 41. Bc1 b2 0-1

[Event "Ifjusagi csapatbajnoksag"]
[Site "Budapest"]
[Date "2015.08.30"]
[Round "8.39"]
[White "Werner, Anna"]
[Black "Kovacs, Bence"]
[Result "1/2-1/2"]
[WhiteElo "1999"]
[BlackElo "1921"]
[PlyCount "60"]
[EventDate "2015.??.??"]

1. d4 Nf6 2. c4 g6 3. Nc3 d5 4. cxd5 Nxd5 5. Bd2 Bg7 6. e4 Nb6 7. Be3 O-O 8. h3
f5 9. exf5 Bxf5 10. Nf3 Nc6 11. Qb3+ Kh8 12. d5 Ne5 13. Nxe5 Bxe5 14. O-O-O c6
15. f4 Bg7 16. dxc6 Qc7 17. g4 Bc8 18. Kb1 Qxc6 19. Bb5 Be6 20. Bxc6 Bxb3 21.
Bxb7 Bxd1 22. Bxa8 Nc4 23. Rxd1 Nxe3 24. Rd3 Nxg4 25. hxg4 Bxc3 26. Rxc3 Rxa8
27. Rc7 Rf8 28. Rxa7 Rxf4 29. Rxe7 Rxg4 30. Kc2 h5 1/2-1/2

[Event "Ifjusagi csapatbajnoksag"]
[Site "Budapest"]
[Date "2015.08.30"]
[Round "8.40"]
[White "Szucs, Edina"]
[Black "Horvath, Balazs"]
[Result "1/2-1/2"]
[WhiteElo "1736"]
[BlackElo "2036"]
[PlyCount "107"]
[EventDate "2015.??.??"]

1. e4 e5 2. Nf3 Nc6 3. Nc3 Nf6 4. d4 exd4 5. Nxd4 Bb4 6. Nxc6 bxc6 7. Bd3 d5 8.
exd5 cxd5 9. O-O O-O 10. h3 h6 11. Qf3 Bxc3 12. bxc3 Be6 13. Be3 Nd7 14. Rad1
f5 15. Rfe1 Qf6 16. Bd4 Qf7 17. Bb5 a6 18. Bc6 Rae8 19. Rxe6 Rxe6 20. Bxd5 Kh7
21. Bxe6 Qxe6 22. Qb7 Qd6 23. Re1 c5 24. Be3 f4 25. Bc1 Kh8 26. Qe4 Qf6 27. Bd2
Nb6 28. Qe6 Qxe6 29. Rxe6 Nc4 30. Be1 a5 31. Re4 Na3 32. Ra4 Nxc2 33. Bd2 g5
34. c4 Rd8 35. Bc3+ Kh7 36. Rxa5 Nb4 37. Bxb4 cxb4 38. Rb5 Ra8 39. Rxb4 Rxa2
40. c5 Rc2 41. Rb7+ Kg8 42. Rc7 Rc1+ 43. Kh2 Rc2 44. Kg1 Rc1+ 45. Kh2 Rc2 46.
Rc8+ Kg7 47. Rc7+ Kg8 48. c6 Rc3 49. Rc8+ Kg7 50. Rc7+ Kg8 51. Rc8+ Kg7 52.
Rc7+ Kg8 53. f3 Rc1 54. h4 1/2-1/2

[Event "Ifjusagi csapatbajnoksag"]
[Site "Budapest"]
[Date "2015.08.30"]
[Round "8.41"]
[White "Majnay, Peter"]
[Black "Dibusz, Domonkos"]
[Result "0-1"]
[WhiteElo "1799"]
[BlackElo "1684"]
[PlyCount "77"]
[EventDate "2015.??.??"]

1. e4 e5 2. Nf3 Nc6 3. Bb5 a6 4. Ba4 Nf6 5. O-O Be7 6. Re1 b5 7. Bb3 d6 8. c3
O-O 9. h3 Na5 10. Bc2 c5 11. d4 Nd7 12. d5 Nb6 13. Nbd2 Bd7 14. Nf1 Nb7 15. Ng3
g6 16. Bh6 Re8 17. b3 Qc7 18. Qd2 f6 19. h4 Kf7 20. Nh2 Rg8 21. f4 Ke8 22. Rf1
Kd8 23. Bd1 a5 24. Ng4 f5 25. Ne3 Bxh4 26. Rf3 exf4 27. Bxf4 g5 28. Nexf5 gxf4
29. Nxh4 fxg3 30. Rf7 c4 31. Rxh7 Qc5+ 32. Kh1 Qf2 33. Be2 Nc5 34. Qc2 Qe3 35.
Bf3 Nd3 36. Rb1 cxb3 37. Qxb3 Nf2+ 38. Kg1 Nh3+ 39. Kf1 0-1

[Event "Ifjusagi csapatbajnoksag"]
[Site "Budapest"]
[Date "2015.08.30"]
[Round "8.42"]
[White "Karko, Balint"]
[Black "Hegedus, Dominik"]
[Result "1/2-1/2"]
[WhiteElo "1471"]
[BlackElo "1769"]
[PlyCount "126"]
[EventDate "2015.??.??"]

1. c4 g6 2. g3 Bg7 3. Bg2 Nf6 4. Nc3 d6 5. e3 O-O 6. Nge2 e5 7. O-O Nbd7 8. d4
Ne8 9. a4 f5 10. e4 fxe4 11. Nxe4 Ndf6 12. dxe5 Nxe4 13. Bxe4 Bxe5 14. Qb3 Kh8
15. a5 a6 16. f4 Bg7 17. Qf3 c6 18. Qb3 Nf6 19. Bg2 Bg4 20. Nc3 Qc8 21. Na4 Nd7
22. Be3 Re8 23. h3 Be6 24. Rad1 Bxc4 25. Qxc4 Rxe3 26. Rxd6 Qc7 27. Rfd1 Nf6
28. Nb6 Rae8 29. Kh2 Qe7 30. Qb4 Qf7 31. Nc4 Re2 32. Ne5 Qe7 33. Qb3 Rf8 34.
Kg1 Rxe5 35. fxe5 Qxe5 36. Kh2 Nd5 37. Rd7 Rf2 38. Rg1 Ne3 39. Rd8+ Bf8 40. Qc3
Qxc3 41. bxc3 Kg7 42. Rd7+ Kh6 43. h4 Nf5 44. Rxb7 Bd6 45. Kh3 Rc2 46. Be4 Rxc3
47. Bxf5 gxf5 48. Rf7 Kg6 49. Rd7 Be5 50. h5+ Kxh5 51. Rxh7+ Kg6 52. Re7 Kf6
53. Re8 f4 54. Kh4 f3 55. Rf1 Kf5 56. g4+ Kf4 57. g5 Rc2 58. Rf8+ Ke4 59. R8xf3
Rh2+ 60. Rh3 Rg2 61. Kh5 Bf4 62. g6 Kf5 63. Rxf4+ Kxf4 1/2-1/2

[Event "Ifjusagi csapatbajnoksag"]
[Site "Budapest"]
[Date "2015.08.30"]
[Round "8.43"]
[White "Vida, Krisztian"]
[Black "Gyimesi, Peter"]
[Result "1/2-1/2"]
[WhiteElo "1722"]
[BlackElo "1937"]
[PlyCount "54"]
[EventDate "2015.??.??"]

1. d4 d5 2. c4 c6 3. Nc3 Nf6 4. Nf3 a6 5. cxd5 cxd5 6. Bf4 Nc6 7. e3 Nh5 8. Bg3
Nxg3 9. hxg3 h6 10. Qb3 e6 11. Be2 Bd6 12. O-O O-O 13. Na4 b5 14. Nc5 Bxc5 15.
dxc5 Qe7 16. Rfc1 Rb8 17. Nd4 Bb7 18. a3 Rfd8 19. Qc3 g6 20. Nxc6 Bxc6 21. b4
e5 22. Bf3 Qe6 23. Rd1 Rd7 24. Rd2 Rbd8 25. Rad1 f5 26. Kf1 Kh7 27. Be2 Ba8
1/2-1/2

[Event "Ifjusagi csapatbajnoksag"]
[Site "Budapest"]
[Date "2015.08.30"]
[Round "8.44"]
[White "Gorog, Almos"]
[Black "Gombocz, Zsofia"]
[Result "1/2-1/2"]
[WhiteElo "1912"]
[BlackElo "1762"]
[PlyCount "146"]
[EventDate "2015.??.??"]

1. c4 e5 2. g3 Nf6 3. Nc3 Be7 4. Bg2 Nc6 5. e3 d6 6. Nge2 Bf5 7. d4 O-O 8. a3
Qd7 9. b4 exd4 10. Nxd4 Nxd4 11. Qxd4 c6 12. Bb2 Bh3 13. O-O Bxg2 14. Kxg2 Qe6
15. e4 c5 16. Qd3 Nd7 17. Nd5 Rac8 18. f4 Bd8 19. f5 Qe8 20. f6 Ne5 21. Qe2 g6
22. Qd2 Kh8 23. Bxe5 Qxe5 24. Rae1 a6 25. Qh6 Rg8 26. Rf4 g5 27. Rf5 Qb2+ 28.
Kf1 Qd2 29. Qh5 Rg6 30. Rd1 Qc2 31. Qe2 Qxe2+ 32. Kxe2 cxb4 33. axb4 Rxc4 34.
Kd3 Rc8 35. Ne7 Bxe7 36. fxe7 Kg7 37. Rdf1 f6 38. Rd5 Re8 39. Rxd6 Rxe7 40. Kd4
Rc7 41. Rb6 Rh6 42. Rf2 Rg6 43. Kd5 Rf7 44. g4 Kf8 45. Re6 Rd7+ 46. Kc5 Kf7 47.
Rb6 Ke7 48. Rf5 Rc7+ 49. Kd4 Rd7+ 50. Rd5 Rc7 51. Kd3 Rg8 52. Rdd6 Rgc8 53.
Re6+ Kf7 54. Rxf6+ Kg7 55. Kd4 Rc2 56. Ke5 Re8+ 57. Rfe6 Rxe6+ 58. Kxe6 Rc7 59.
Rd6 Rc4 60. Rd7+ Kg6 61. Rxb7 Rxe4+ 62. Kd5 Rxg4 63. Rb6+ Kf7 64. Kc5 Rg2 65.
Rh6 Kg7 66. Rh3 Ra2 67. Kb6 Kg6 68. Rc3 Rxh2 69. Kxa6 Rb2 70. b5 Kf5 71. Rh3 g4
72. Rxh7 g3 73. Rg7 Kf4 1/2-1/2

[Event "Ifjusagi csapatbajnoksag"]
[Site "Budapest"]
[Date "2015.08.30"]
[Round "8.45"]
[White "Barasits, Balint"]
[Black "Toth, Abel Levente"]
[Result "1/2-1/2"]
[WhiteElo "1716"]
[BlackElo "1754"]
[PlyCount "95"]
[EventDate "2015.??.??"]

1. e4 e6 2. d4 d5 3. Nc3 a6 4. Nf3 Nf6 5. e5 Nfd7 6. Bf4 c5 7. Ne2 Nc6 8. c3
Qb6 9. Qc2 cxd4 10. Nexd4 Bc5 11. Nxc6 bxc6 12. Bd3 h6 13. O-O a5 14. b3 Ba6
15. Bxa6 Qxa6 16. Qd2 Rb8 17. Rab1 Ba7 18. Be3 Nc5 19. Qc2 Ne4 20. Bxa7 Qxa7
21. Nd2 Nxd2 22. Qxd2 Kd7 23. Rfc1 Rb7 24. Qf4 Ke7 25. Qh4+ f6 26. Re1 Qc5 27.
Qg4 Kd8 28. exf6 gxf6 29. Rxe6 Re7 30. Rxe7 Qxe7 31. Qd4 Re8 32. Qb6+ Kd7 33.
Qb7+ Kd6 34. Qxe7+ Rxe7 35. Kf1 a4 36. b4 Re4 37. Re1 Rc4 38. Re3 d4 39. Rd3
Kd5 40. Ke2 Rxc3 41. Rxc3 dxc3 42. Kd3 c2 43. Kxc2 Kc4 44. a3 Kd4 45. Kd2 Kc4
46. Kc2 Kd4 47. Kd2 Kc4 48. Kc2 1/2-1/2

[Event "Ifjusagi csapatbajnoksag"]
[Site "Budapest"]
[Date "2015.08.30"]
[Round "8.46"]
[White "Pasztor, Flora Katinka"]
[Black "Szakasics, Emese"]
[Result "1-0"]
[WhiteElo "1705"]
[BlackElo "1686"]
[PlyCount "55"]
[EventDate "2015.??.??"]

1. e4 e5 2. Nf3 Nc6 3. Bc4 Bc5 4. c3 Nf6 5. d4 exd4 6. cxd4 Bb4+ 7. Bd2 Bxd2+
8. Nbxd2 d5 9. exd5 Nxd5 10. Qb3 Nce7 11. O-O c6 12. a4 a5 13. Rfe1 O-O 14. Ne4
b6 15. Rad1 Be6 16. Neg5 Bf5 17. Nh4 Qd7 18. Nxf5 Qxf5 19. Re5 Qg4 20. h3 Qh4
21. Nf3 Qf6 22. Rde1 Ng6 23. Bxd5 Nxe5 24. dxe5 Qg6 25. Bc4 Rab8 26. e6 Rb7 27.
e7 Re8 28. Ne5 1-0

[Event "Ifjusagi csapatbajnoksag"]
[Site "Budapest"]
[Date "2015.08.30"]
[Round "8.47"]
[White "Horvath, Soma"]
[Black "Kelemen, Szabolcs"]
[Result "1-0"]
[WhiteElo "1636"]
[BlackElo "1816"]
[PlyCount "77"]
[EventDate "2015.??.??"]

1. e4 c5 2. Nf3 Nc6 3. d4 cxd4 4. Nxd4 g6 5. Be3 Nf6 6. Nc3 Bg7 7. f3 O-O 8.
Qd2 d5 9. Nxc6 bxc6 10. O-O-O Be6 11. Bd4 Qa5 12. a3 Rfd8 13. exd5 cxd5 14. Ne4
Qxd2+ 15. Nxd2 Rac8 16. Nb3 Bf5 17. Bd3 Bxd3 18. Rxd3 a6 19. Rhd1 Bh6+ 20. Kb1
Nd7 21. Bf2 e6 22. Na5 Ne5 23. Rb3 Nc4 24. Nxc4 dxc4 25. Rxd8+ Rxd8 26. Rc3 Rd2
27. Bg3 Rxg2 28. Rxc4 Bg5 29. b4 Rd2 30. Rc6 a5 31. bxa5 Rd5 32. a6 Rb5+ 33.
Ka2 Bf6 34. a4 Ra5 35. Kb3 Bd4 36. c4 Be3 37. Bc7 Rc5 38. Rxc5 Bxc5 39. Bd6 1-0

[Event "Ifjusagi csapatbajnoksag"]
[Site "Budapest"]
[Date "2015.08.30"]
[Round "8.48"]
[White "Pasztor, Daniel"]
[Black "Ori, Akos Bendeguz"]
[Result "1-0"]
[WhiteElo "1645"]
[BlackElo "1329"]
[PlyCount "55"]
[EventDate "2015.??.??"]

1. e4 e5 2. Nf3 Nc6 3. Bc4 Bc5 4. c3 Nf6 5. d4 exd4 6. cxd4 Bb4+ 7. Bd2 Bxd2+
8. Nbxd2 d5 9. exd5 Nxd5 10. Qb3 Nce7 11. O-O O-O 12. Rfe1 Nb6 13. Bd3 Bf5 14.
Ne4 Nc6 15. Qc3 Qd5 16. Bc2 Rad8 17. Bb3 Qd7 18. Nc5 Qc8 19. Rad1 Nd5 20. Bxd5
Rxd5 21. b4 Rfd8 22. b5 Nb8 23. a4 Nd7 24. Rc1 Nxc5 25. dxc5 Bg4 26. c6 Rd3 27.
cxb7 Qxb7 28. Qxd3 1-0